000
00410nam a22001097a 4500
082
_a
001
100
_a
मीणा एस
_9
80953
245
_a
वस्तुनिष्ठ मध्यप्रदेश सामान्य ज्ञान
260
_a
इन्दौर
_b
पुणेकर पब्लि
_c
2001
650
_a
सामान्य ज्ञान
_9
328
942
_c
BK
999
_c
64162
_d
64162